Monarchia de los solipsos por Lucio Cornelio Europeo, Esto es Exacta descripcion del pernicioso gobierno interior y exterior, Leyes, Prácticas y Costumbres domesticas de los Jesuitas / (Record no. 103034)

MARC details
000 -LEADER
campo de control de longitud fija 00706nam a2200157 i 4500
001 - NÚMERO DE CONTROL
campo de control 103034
003 - IDENTIFICADOR DE NÚMERO DE CONTROL
campo de control ES-MaACL
005 - FECHA Y HORA DE LA ÚLTIMA TRANSACCIÓN
campo de control 20230906183242.0
007 - CAMPO FIJO DE DESCRIPCIÓN FÍSICA--INFORMACIÓN GENERAL
campo de control de longitud fija t|
008 - DATOS DE LONGITUD FIJA--INFORMACIÓN GENERAL
campo de control de longitud fija 051228s1770 sp ||||1| spa d
100 1# - ENTRADA PRINCIPAL--NOMBRE DE PERSONA
Nombre de persona Inchoffèr, Melchor.
9 (RLIN) 65239
245 10 - MENCIÓN DEL TÍTULO
Título Monarchia de los solipsos por Lucio Cornelio Europeo, Esto es Exacta descripcion del pernicioso gobierno interior y exterior, Leyes, Prácticas y Costumbres domesticas de los Jesuitas /
Mención de responsabilidad, etc. Compuesta por... Melchor Inchoffer, jesuita... Traducida del Latin al Español e ilustrada con multitud de notas.
260 ## - PUBLICACIÓN, DISTRIBUCIÓN, ETC.
Lugar de publicación, distribución, etc. Madrid :
Nombre del editor, distribuidor, etc. En la Oficina de D. Antonio Mayoral,
Fecha de publicación, distribución, etc. 1770.
300 ## - DESCRIPCIÓN FÍSICA
Extensión [12], 284, [5] p. ;
Dimensiones 15 cm.
852 ## - LOCALIZACIÓN
Ubicación ES-MaACL
Número de control de estantería R-3463
Holdings
Estatus retirado Estado de pérdida Estado de daño No para préstamo Colección Biblioteca de origen Biblioteca actual Ubicación en estantería Fecha de adquisición Fuente de adquisición Total de préstamos Signatura topográfica completa Código de barras Visto por última vez Precio de reemplazo Tipo de ítem Koha
        Libros del s. XVIII Biblioteca del Ateneo de Madrid Biblioteca del Ateneo de Madrid Depósito 17/01/2008     R-3463 1107586 23/02/2023 23/02/2023 Libro impreso antiguo